Гражданское право Древняго Рима / (Record no. 541818)
[ view plain ]
| 000 -LEADER | |
|---|---|
| fixed length control field | 00641nam a2200181 a 4500 |
| 001 - CONTROL NUMBER | |
| control field | 000680338 |
| 003 - CONTROL NUMBER IDENTIFIER | |
| control field | AM-YEHGA |
| 005 - DATE AND TIME OF LATEST TRANSACTION | |
| control field | 20260403151652.0 |
| 008 - FIXED-LENGTH DATA ELEMENTS--GENERAL INFORMATION | |
| fixed length control field | 090902s1883 ||||||||||||||||||||rus|c |
| 040 ## - CATALOGING SOURCE | |
| Original cataloging agency | AM-YEHGA |
| 041 0# - LANGUAGE CODE | |
| Language code of text/sound track or separate title | rus |
| 100 1# - MAIN ENTRY--PERSONAL NAME | |
| Personal name | Муромцев, Сергей |
| 245 10 - TITLE STATEMENT | |
| Title | Гражданское право Древняго Рима / |
| Statement of responsibility, etc. | Лекции Сергея Муромцева проф. Моск. ун-та. |
| 260 ## - PUBLICATION, DISTRIBUTION, ETC. | |
| Place of publication, distribution, etc. | Москва : |
| Name of publisher, distributor, etc. | Тип. А.И. Мамонтова и Ко, |
| Date of publication, distribution, etc. | 1883. |
| 300 ## - PHYSICAL DESCRIPTION | |
| Extent | xxxv, 697 с. |
| 650 14 - SUBJECT ADDED ENTRY--TOPICAL TERM | |
| Topical term or geographic name entry element | Гражданское право |
| 650 14 - SUBJECT ADDED ENTRY--TOPICAL TERM | |
| Topical term or geographic name entry element | Юридические науки |
| Withdrawn status | Lost status | Damaged status | Not for loan | Collection | Home library | Current library | Date acquired | Total checkouts | Full call number | Barcode | Date last seen | Price effective from | Koha item type | Public note |
|---|---|---|---|---|---|---|---|---|---|---|---|---|---|---|
| Kusikian Individual Collection | Fundamental Scientific Library | Fundamental Scientific Library | 27/03/2026 | Кус/6696 | FL0704256 | 27/03/2026 | 27/03/2026 | Գրքեր / Books | ILL Non-Circ. |
ՀՀ Գիտությունների ազգային ակադեմիայի հիմնարար գիտական գրադարան = Fundamental Scientific Library of NAS RA
All site content, except where otherwise noted, is licensed under a